| 000 | 01310nam a22003490a 4500 | ||
|---|---|---|---|
| 001 | PT13654 | ||
| 003 | AR-LpoUNG | ||
| 005 | 20210131232556.0 | ||
| 008 | 191001s2002||||ag |||||||||||||||||spa d | ||
| 020 |
_a9879248376 _c$26.66 |
||
| 040 |
_aAR-LpoUNG _bspa _cAR-LpoUNG _eaacr |
||
| 041 | _aspa | ||
| 044 | _aag | ||
| 082 | 0 | _a982.064 498lev | |
| 100 | 1 | _aAmézola, Gonzalo de | |
| 245 | 1 | 0 |
_aLevingston y Lanusse o el arte de lo imposible : _bmilitares y políticos a fines de 1970 y principios de 1971 |
| 250 | _a1§ edición | ||
| 260 |
_aLa Plata : _bUniversidad Nacional de La Plata - Al Margen, _cjulio de 2000. |
||
| 300 |
_a150 p. : _bgráfs., il., tbls., fot |
||
| 520 | _aEl propósito de este libro es ocuparse del debate en torno a los medios para lograr ese propósito en una coyuntura poco atendida del proceso político argentino de las últimas décadas: la confrontación entre Levingston y el General Lanusse, quien a su vez desplazará a Levingston en marzo del '71. | ||
| 650 | 4 | _aARGENTINA | |
| 650 | 4 | _aCONFLICTOS | |
| 650 | 4 | _aFUERZAS ARMADAS | |
| 650 | 4 | _aGOBIERNO | |
| 650 | 4 | _aGOLPES DE ESTADO | |
| 650 | 4 | _aPERSONAL MILITAR | |
| 650 | 4 | _aRELACIONES GOBIERNO FUERZAS ARMADAS | |
| 650 | 4 | _aSOBERANIA | |
| 651 | 4 | _aArgentina | |
| 905 | _a13654 | ||
| 942 | _cLIB | ||
| 999 |
_c16316 _d16316 |
||